Mumbai (Registro nro. 17335)
[ vista simple ]
| 000 -CABECERA | |
|---|---|
| Longitud fija campo de control | 01475nam a2200409 c 4500 |
| 001 - NÚMERO DE CONTROL | |
| Número de control | 17335 |
| 003 - IDENTIFICADOR DE NÚMERO DE CONTROL | |
| Identificador del número de control | ES-MaCES |
| 005 - FECHA Y HORA DE LA ÚLTIMA TRANSACCIÓN | |
| Fecha y hora de la última transacción | 20150925134930.0 |
| 008 - CAMPO FIJO DE DESCRIPCIÓN FIJA--INFORMACIÓN GENERAL | |
| Códigos de información de longitud fija | 050308s2004 sp t 000 | spa d |
| 017 ## - NÚMERO DE REGISTRO DE DERECHOS DE AUTOR Y DEPÓSITO LEGAL | |
| Número de copyright o de depósito legal | B 29690-2004 |
| Agencia que asigna el número | DL |
| 020 ## - ISBN (INTERNATIONAL STANDARD BOOK NUMBER) | |
| Número Internacional Normalizado para Libros (ISBN) | 8474267285 |
| 035 ## - NÚMERO DE CONTROL DEL SISTEMA | |
| Número de control del sistema | CES20050001955m |
| 040 ## - FUENTE DE CATALOGACIÓN | |
| Centro catalogador de origen | ES-MaCES |
| Lengua de catalogación | spa |
| Centro transcriptor | ES-MaCES |
| 245 00 - MENCIÓN DE TÍTULO | |
| Título | Mumbai |
| Resto del título | : (Foro Social Mundial 2004) : balance y perspectivas de un movimiento de movimientos |
| Mención de responsabilidad, etc. | Esther Vivas (ed.) ; Arundhati Roy ... [et al.] ; [traductores, Pere Comellas, Griselda Piñero y Ángelo Ponziano] |
| 260 ## - PUBLICACIÓN, DISTRIBUCIÓN, ETC (PIE DE IMPRENTA) | |
| Lugar de publicación, distribución, etc. | Barcelona |
| Nombre del editor, distribuidor, etc. | Icaria |
| Fecha de publicación, distribución, etc. | [2004] |
| 300 ## - DESCRIPCIÓN FÍSICA | |
| Extensión | 142 p. |
| Dimensiones | 22 cm |
| 490 1# - MENCIÓN DE SERIE | |
| Mención de serie | Icaria más madera |
| Designación de volumen o secuencia | 46 |
| 541 ## - NOTA DE LA FUENTE INMEDIANTE DE ADQUISICIÓN | |
| Forma de adquisición | Compra |
| 611 24 - ASIENTO SECUNDARIO DE MATERIA--NOMBRE DE REUNIÓN | |
| Nombre de congreso o nombre de jurisdicción como elemento inicial | Foro Social Mundial |
| Número del congreso o número de parte o sección de la obra | 4º |
| Fecha del congreso | 2004 |
| Sede del congreso | Mumbai |
| 9 (RLIN) | 911 |
| 650 #4 - ASIENTO SECUNDARIO DE MATERIA--TÉRMINO DE MATERIA | |
| Término de materia o nombre geográfico como elemento inicial | movimiento social |
| 9 (RLIN) | 27313 |
| 650 #4 - ASIENTO SECUNDARIO DE MATERIA--TÉRMINO DE MATERIA | |
| Término de materia o nombre geográfico como elemento inicial | globalización económica |
| 9 (RLIN) | 30653 |
| 650 #4 - ASIENTO SECUNDARIO DE MATERIA--TÉRMINO DE MATERIA | |
| Término de materia o nombre geográfico como elemento inicial | desigualdad económica |
| 9 (RLIN) | 29371 |
| 650 #4 - ASIENTO SECUNDARIO DE MATERIA--TÉRMINO DE MATERIA | |
| Término de materia o nombre geográfico como elemento inicial | desigualdad social |
| 9 (RLIN) | 30789 |
| 650 #4 - ASIENTO SECUNDARIO DE MATERIA--TÉRMINO DE MATERIA | |
| Término de materia o nombre geográfico como elemento inicial | lucha contra la pobreza |
| 9 (RLIN) | 30648 |
| 650 #4 - ASIENTO SECUNDARIO DE MATERIA--TÉRMINO DE MATERIA | |
| Término de materia o nombre geográfico como elemento inicial | ayuda al desarrollo |
| 9 (RLIN) | 26634 |
| 653 10 - TÉRMINO DE INDEXACIÓN--NO CONTROLADO | |
| Término no controlado | Ciencias Sociales-Políticas |
| 650 #4 - ASIENTO SECUNDARIO DE MATERIA--TÉRMINO DE MATERIA | |
| 9 (RLIN) | 29234 |
| Término de materia o nombre geográfico como elemento inicial | desarrollo económico y social |
| 700 1# - ENCABEZAMIENTO SECUNDARIO--NOMBRE PERSONAL | |
| Nombre de persona | Roy, Arundhati |
| 9 (RLIN) | 22718 |
| 700 1# - ENCABEZAMIENTO SECUNDARIO--NOMBRE PERSONAL | |
| Nombre de persona | Vivas, Eshter |
| Término indicativo de función | ed. lit. |
| 9 (RLIN) | 26018 |
| 700 1# - ENCABEZAMIENTO SECUNDARIO--NOMBRE PERSONAL | |
| Nombre de persona | Comellas, Pere |
| Término indicativo de función | tr. |
| 9 (RLIN) | 9859 |
| 700 1# - ENCABEZAMIENTO SECUNDARIO--NOMBRE PERSONAL | |
| Nombre de persona | Piñero, Griselda |
| Término indicativo de función | tr. |
| 9 (RLIN) | 21073 |
| 700 1# - ENCABEZAMIENTO SECUNDARIO--NOMBRE PERSONAL | |
| Nombre de persona | Ponziano, Ángelo |
| Término indicativo de función | tr. |
| 9 (RLIN) | 21234 |
| 830 #0 - ENCABEZAMIENTO SECUNDARIO DE COLECCIÓN--TÍTULO UNIFORME | |
| Título uniforme | Icaria más madera |
| Designación de volumen o secuencia | 46 |
| 9 (RLIN) | 33624 |
| 902 ## - CES. TIPO DE DOCUMENTO | |
| Tipodoc (006$c Sirtex) | LIB Libro |
| 942 ## - ELEMENTOS KOHA | |
| Fuente de clasificaión o esquema | Clasificación propia del CES |
| Koha [por defecto] tipo de item | Monografías |
| Parte de clasificación | 7.0. |
| Número de registro | Signatura completa | Tipo de item de Koha |
|---|---|---|
| 058345 | DPT-11765 | Monografías |
